000 00699nam a22001931a 4500
005 20250331184448.0
007 ta
008 010301e193600 000 0 spa c
040 _aCO-CtgCURN
_bspa
_ccoctgcurn
082 0 _a347
_bV855t
100 1 _aVivante, César,
_d1855-1944.
245 1 0 _aTratado de derecho mercantil /
_cCésar Vivante ; tr. César Silió Belena, Ricardo Espejo de Hinojosa, Miguel Cabeza y Anido.
260 _aMadrid :
_bReus,
_c1932-1936.
300 _a3 v.
490 1 _aBiblioteca jurídica de autores españoles y extranjeros
650 1 4 _aDerecho mercantil.
942 _2ddc
_cBK
_h347
_iV855t
999 _c20360
_d20360